Сопротивление материалов: учебное пособие

Dades bibliogràfiques
Autor principal: Дубейковский Е. Н. Евгений Николаевич
Altres autors: Саввушкин Е. С. Евгений Семенович
Sumari:Освещены основные темы сопротивления материалов, дано большое число подробно разобранных примеров решения задач по всем темам, а также задач для самостоятельного решения с ответами. Для студентов учреждений среднего профессионального образования, обучающихся по машиностроительным специальностям.
Idioma:rus
Publicat: Москва, Высшая школа, 2006
Matèries:
Format: MixedMaterials Llibre
KOHA link:https://koha.lib.tpu.ru/cgi-bin/koha/opac-detail.pl?biblionumber=104885

MARC

LEADER 00000nam0a2200000 4500
001 104885
005 20231031114202.0
010 |a 5060054586 
035 |a (RuTPU)RU\TPU\book\113099 
090 |a 104885 
100 |a 20061109d2006 m y0rusy50 ca 
101 0 |a rus 
102 |a RU 
105 |a a j 001zy 
200 1 |a Сопротивление материалов  |e учебное пособие  |f Е. Н. Дубейковский, Е. С. Саввушкин 
210 |a Москва  |c Высшая школа  |d 2006 
215 |a 192 с.  |c ил. 
320 |a Библиогр.: с. 187. 
320 |a Именной и предметный указатель: 188-190. 
330 |a Освещены основные темы сопротивления материалов, дано большое число подробно разобранных примеров решения задач по всем темам, а также задач для самостоятельного решения с ответами. Для студентов учреждений среднего профессионального образования, обучающихся по машиностроительным специальностям. 
610 1 |a сопротивление материалов 
610 1 |a брус 
610 1 |a поперечные сечения 
610 1 |a силовые факторы 
610 1 |a напряжения 
610 1 |a деформация 
610 1 |a статическое нагружение 
610 1 |a прочность 
610 1 |a усталость 
610 1 |a жесткость 
610 1 |a сжатые стержни 
610 1 |a учебные пособия 
675 |a 539.3/.6(07)  |v 3 
700 1 |a Дубейковский  |b Е. Н.  |g Евгений Николаевич 
701 1 |a Саввушкин  |b Е. С.  |g Евгений Семенович 
801 1 |a RU  |b 63413507  |c 20061109  |g PSBO 
801 2 |a RU  |b 63413507  |c 20131203  |g PSBO 
900 |a Сопротивление материалов 
942 |c BK 
952 |b 150000 
959 |a 90/20061025  |d 1  |e 153,00  |f ЧЗТЛ:1